| 000 | 004710000a22001690004500 | ||
|---|---|---|---|
| 003 | LK-CoMWRAF | ||
| 008 | 230817t ||||| |||| 00| 0 eng d | ||
| 040 |
_aLK-CoMWRAF _dLK-CoMWRAF _eLK-CoMWRAF |
||
| 041 | _aeng | ||
| 082 |
_a152.7 _bNIA |
||
| 100 | _aNiazi, Maulana Kausar | ||
| 245 |
_aIslam and the West _b |
||
| 260 |
_bFederal Minister for Religion Affairs Minority Affairs and Overseas Pakistanis _aPakistan _c |
||
| 300 | _ap.10 | ||
| 650 | _aIslam | ||
| 942 | _cBK | ||
| 999 |
_c1798 _d1798 |
||